[Event "Staatsliga B/West"]
[Site "Bregenz"]
[Date "1998.10.17"]
[Round "1.3"]
[White "Hofherr, Helmut"]
[Black "Fuchs, Georg"]
[Result "0-1"]
[WhiteElo "100"]
[BlackElo "2180"]
[PlyCount "66"]
[EventDate "1998.10.17"]

1. d4 d5 2. c4 e6 3. Nc3 Nf6 4. Bg5 Be7 5. e3 O-O 6. Nf3 c6 7. Rc1 Nbd7 8. Bd3
h6 9. Bh4 dxc4 10. Bxc4 b5 11. Bd3 Bb7 12. O-O Rc8 13. Qe2 Qa5 14. e4 b4 15. e5
bxc3 16. exf6 Bxf6 17. Qe4 g6 18. Rxc3 Ba8 19. Bxf6 Nxf6 20. Qf4 Kg7 21. Bc4 c5
22. Qe5 Qb4 23. Rfc1 cxd4 24. Nxd4 Qxb2 25. h4 h5 26. Bxe6 Qxc1+ 27. Rxc1 Rxc1+
28. Kh2 fxe6 29. Nxe6+ Kg8 30. Qg5 Ng4+ 31. Kg3 Rc3+ 32. f3 Rfxf3+ 33. gxf3
Rxf3+ 0-1

[Event "Staatsliga B/West"]
[Site "Bregenz"]
[Date "1998.10.17"]
[Round "1.1"]
[White "Gaertner, Guntram"]
[Black "Pilz, Dieter"]
[Result "1-0"]
[WhiteElo "2340"]
[BlackElo "2260"]
[PlyCount "82"]
[EventDate "1998.10.17"]

1. d4 Nf6 2. c4 c5 3. d5 d6 4. Nc3 g6 5. e4 Bg7 6. h3 O-O 7. Bg5 a5 8. a4 Nbd7
9. Nf3 Rb8 10. Qd2 Ne8 11. Be2 Nc7 12. O-O Ne5 13. Nxe5 Bxe5 14. f4 Bd4+ 15.
Kh1 Bd7 16. e5 f6 17. Bh6 dxe5 18. Bxf8 Qxf8 19. fxe5 Bxe5 20. Ne4 Bd4 21. Qf4
Rc8 22. d6 Ne8 23. dxe7 Qxe7 24. Bd3 Bxb2 25. Rae1 Qg7 26. Nd6 Ra8 27. Nxe8
Bxe8 28. Qd6 Bc6 29. Be4 Qd7 30. Bd5+ Kh8 31. Qxd7 Bxd7 32. Re7 Bc6 33. Bxc6
bxc6 34. Rb1 Bc3 35. Rb3 Bd4 36. Rbb7 f5 37. Rxh7+ Kg8 38. Rhe7 g5 39. Re6 Rd8
40. Rg6+ Kh8 41. Rh6+ Kg8 1-0

[Event "Staatsliga B/West"]
[Site "Bregenz"]
[Date "1998.10.17"]
[Round "1.3"]
[White "Amann, Guenter"]
[Black "Hengl, Christian"]
[Result "1/2-1/2"]
[WhiteElo "2260"]
[BlackElo "2180"]
[PlyCount "54"]
[EventDate "1998.10.17"]

1. d4 e6 2. Nf3 f5 3. g3 d5 4. c4 c6 5. Bg2 Bd6 6. O-O Nf6 7. b3 Qe7 8. a4 O-O
9. Ba3 Bxa3 10. Nxa3 Bd7 11. Nc2 Be8 12. Nce1 Nbd7 13. Nd3 Bh5 14. Nfe5 Nxe5
15. Nxe5 Nd7 16. Nd3 Qf6 17. Nf4 Bf7 18. cxd5 exd5 19. e3 g5 20. Nd3 Rae8 21.
b4 Bg6 22. b5 f4 23. gxf4 Bxd3 24. Qxd3 gxf4 25. exf4 Re7 26. bxc6 bxc6 27.
Rac1 Nb6 1/2-1/2

[Event "Staatsliga B/West"]
[Site "Bregenz"]
[Date "1998.10.17"]
[Round "1.4"]
[White "Baerner, Helmut"]
[Black "Wohlfart, Hubert"]
[Result "1-0"]
[WhiteElo "2160"]
[BlackElo "2190"]
[PlyCount "93"]
[EventDate "1998.10.17"]

1. d4 Nf6 2. Nf3 g6 3. Bg5 Bg7 4. Nbd2 c5 5. c3 cxd4 6. cxd4 Qa5 7. e3 d6 8.
Qb3 O-O 9. Qb5 Qc7 10. Bd3 Be6 11. O-O a6 12. Qa4 Rc8 13. Rfc1 Qxc1+ 14. Rxc1
Rxc1+ 15. Nf1 h6 16. Bxf6 Bxf6 17. e4 Nd7 18. h3 Rac8 19. Qb4 R8c7 20. d5 Nc5
21. dxe6 Nxd3 22. exf7+ Kg7 23. Qa4 R7c6 24. Qb3 Nc5 25. f8=Q+ Kxf8 26. Qe3 Ne6
27. Qxh6+ Kf7 28. h4 Ng7 29. g4 Rd1 30. Kg2 Rc5 31. Ne3 Rd3 32. Nd5 Rdxd5 33.
exd5 Rxd5 34. Qf4 Ne6 35. Qc4 Rc5 36. Qe4 d5 37. Ne5+ Bxe5 38. Qxe5 d4 39. Qe4
Rb5 40. b3 a5 41. Kg3 Rb6 42. h5 gxh5 43. Qf5+ Kg7 44. gxh5 Nf8 45. Qe5+ Kf7
46. Qxd4 Re6 47. Qf4+ 1-0

[Event "Staatsliga B/West"]
[Site "Bregenz"]
[Date "1998.10.17"]
[Round "1.5"]
[White "Spiegel, Wilfried"]
[Black "Kapferer, Romed"]
[Result "0-1"]
[WhiteElo "2165"]
[BlackElo "2080"]
[PlyCount "66"]
[EventDate "1998.10.17"]

1. d4 f5 2. c4 Nf6 3. Nf3 g6 4. g3 Bg7 5. Bg2 O-O 6. O-O d6 7. Nc3 c6 8. Qc2
Na6 9. a3 Bd7 10. Re1 Qc7 11. b4 Rae8 12. Bb2 e5 13. dxe5 dxe5 14. e4 f4 15. c5
Nh5 16. Rad1 Bg4 17. Rd3 Qe7 18. Ne2 Rf7 19. h3 Bxf3 20. Bxf3 fxg3 21. fxg3
Ref8 22. Kg2 Nc7 23. Qd2 Ne6 24. Rd7 Qxd7 25. Qxd7 Rxd7 26. Bg4 Re8 27. h4 Rd2
28. Bc1 Rc2 29. Kh3 Nf6 30. Bf3 Rd8 31. Be3 Rd3 32. Ng1 Rxa3 33. Bc1 Rac3 0-1

[Event "Staatsliga B/West"]
[Site "Bregenz"]
[Date "1998.10.17"]
[Round "1.1"]
[White "Dobosz, Henryk"]
[Black "Novkovic, Milan"]
[Result "0-1"]
[WhiteElo "2405"]
[BlackElo "2400"]
[PlyCount "110"]
[EventDate "1998.10.17"]

1. e4 c5 2. g3 d5 3. exd5 Qxd5 4. Nf3 Bg4 5. Bg2 Qe6+ 6. Kf1 Bh3 7. d3 Nf6 8.
Na3 Nc6 9. Be3 b6 10. Ng5 Bxg2+ 11. Kxg2 Qd5+ 12. Qf3 Qxf3+ 13. Nxf3 e6 14.
Rhe1 Be7 15. Nc4 Nd5 16. Bd2 O-O 17. a4 Rac8 18. c3 Rfd8 19. Rad1 h6 20. h4 h5
21. Bg5 f6 22. Bc1 Kf7 23. Nfd2 e5 24. Ne4 Rd7 25. f3 Rcd8 26. Nf2 Bd6 27. Ne4
Bf8 28. Nf2 Bd6 29. Re2 Bc7 30. Rde1 Nde7 31. Re4 Nf5 32. f4 exf4 33. Bxf4 Bxf4
34. Rxf4 Nd6 35. Nxd6+ Rxd6 36. Rd1 Rd5 37. Re4 Kg6 38. g4 Ne5 39. d4 cxd4 40.
gxh5+ Kxh5 41. Rdxd4 Ng6 42. Nd3 Rxd4 43. Rxd4 Nxh4+ 44. Kf2 Rxd4 45. cxd4 Kg4
46. b4 Nf5 47. d5 g5 48. b5 Nd6 49. Ke3 Kg3 50. Nc1 Kg2 51. Ne2 f5 52. Nf4+
gxf4+ 53. Kxf4 Kf2 54. Ke5 Nc4+ 55. Kxf5 Ke3 0-1

[Event "Staatsliga B/West"]
[Site "Bregenz"]
[Date "1998.10.17"]
[Round "1.2"]
[White "Poettinger, Harald"]
[Black "Lutzenberger, Reimund"]
[Result "1/2-1/2"]
[WhiteElo "2270"]
[BlackElo "2275"]
[PlyCount "105"]
[EventDate "1998.10.17"]

1. Nf3 Nf6 2. c4 g6 3. Nc3 Bg7 4. d4 d6 5. Bg5 O-O 6. e3 Na6 7. Be2 Qe8 8. O-O
e5 9. a3 h6 10. Bh4 g5 11. Bg3 Nh5 12. dxe5 Nxg3 13. hxg3 dxe5 14. Nd2 Be6 15.
g4 Rd8 16. Nce4 Qe7 17. b4 Rd7 18. Qc2 Rfd8 19. Rad1 c5 20. b5 Nc7 21. a4 b6
22. Nb1 h5 23. gxh5 f5 24. Ng3 Qf7 25. Rxd7 Rxd7 26. Rd1 e4 27. Rxd7 Qxd7 28.
Qd2 Qxd2 29. Nxd2 Bc3 30. Ngf1 Ne8 31. g4 Nd6 32. gxf5 Bxf5 33. Kg2 Kg7 34. Kg3
Be5+ 35. Kg2 Bc3 36. Nb1 Be5 37. Ng3 Bh7 38. Kh3 Kh6 39. Kg4 Bg8 40. Nf5+ Nxf5
41. Kxf5 Bh2 42. Nc3 Bh7+ 43. Kg4 Bg8 44. Nxe4 Be6+ 45. Kf3 g4+ 46. Kg2 Be5 47.
Ng3 Kg5 48. Bd3 Bf7 49. h6 Kxh6 50. Nf5+ Kg5 51. Ne7 Be8 52. Nd5 Bd6 53. Be4
1/2-1/2

[Event "Staatsliga B/West"]
[Site "Bregenz"]
[Date "1998.10.17"]
[Round "1.3"]
[White "Kranz, Armin"]
[Black "Dorner, Guenther"]
[Result "1-0"]
[WhiteElo "2185"]
[BlackElo "2085"]
[PlyCount "79"]
[EventDate "1998.10.17"]

1. d4 Nf6 2. Nf3 e6 3. c4 d5 4. g3 dxc4 5. Bg2 a6 6. O-O Nbd7 7. Nbd2 c5 8.
Nxc4 b5 9. Nfe5 Nd5 10. e4 bxc4 11. exd5 Nxe5 12. dxe5 Rb8 13. d6 Qb6 14. Bd2
Bd7 15. Bc3 g6 16. Qe2 Bg7 17. Rfd1 O-O 18. Qxc4 Qb5 19. Qh4 c4 20. Re1 a5 21.
Rad1 a4 22. a3 Rfc8 23. Rd2 Rc5 24. Qd4 Rcc8 25. f4 h5 26. h4 Bf8 27. Rc1 Rb6
28. Bb4 Bg7 29. Rdc2 Qa6 30. Rxc4 Rxc4 31. Qxc4 Qxc4 32. Rxc4 Kf8 33. Rc7 Ke8
34. Kf2 Rb8 35. Bb7 Bf8 36. Ke3 Bg7 37. Kd4 Bf8 38. Kc5 f6 39. exf6 Bh6 40. Bc3
1-0

[Event "Staatsliga B/West"]
[Site "Bregenz"]
[Date "1998.10.17"]
[Round "1.4"]
[White "Heilinger, Dietmar"]
[Black "Genduso, Carmelo"]
[Result "1/2-1/2"]
[WhiteElo "2180"]
[BlackElo "2210"]
[PlyCount "85"]
[EventDate "1998.10.17"]

1. c4 Nf6 2. Nc3 g6 3. g3 Bg7 4. Bg2 O-O 5. e4 d6 6. Nge2 c6 7. O-O Qa5 8. d3
a6 9. h3 b5 10. Be3 bxc4 11. dxc4 Be6 12. b3 Rd8 13. Na4 Nbd7 14. Nd4 Rac8 15.
e5 dxe5 16. Nxe6 fxe6 17. Bd2 Qc7 18. Qe1 Rf8 19. Rd1 Rf7 20. h4 c5 21. Ba5 Qb8
22. Qe2 e4 23. Bxe4 Nxe4 24. Qxe4 Bd4 25. Kg2 e5 26. Nc3 Nf6 27. Qe2 Rcf8 28.
f3 Qb7 29. Ne4 Nxe4 30. fxe4 Rf2+ 31. Rxf2 Rxf2+ 32. Qxf2 Bxf2 33. Kxf2 Qxe4
34. Rd2 Kf7 35. Bc7 Ke6 36. Re2 Qf5+ 37. Kg2 e4 38. Bf4 h6 39. Rf2 Qh5 40. Be3
Kd6 41. a3 Kc6 42. b4 cxb4 43. axb4 1/2-1/2

[Event "Staatsliga B/West"]
[Site "Bregenz"]
[Date "1998.10.17"]
[Round "1.5"]
[White "Welsh, Michael"]
[Black "Tschohl, Christof"]
[Result "0-1"]
[WhiteElo "2135"]
[BlackElo "2130"]
[PlyCount "64"]
[EventDate "1998.10.17"]

1. e4 c5 2. Nc3 Nc6 3. f4 e6 4. Nf3 d5 5. d3 Nf6 6. e5 Nd7 7. Bd2 a6 8. g3 b5
9. Bg2 Be7 10. O-O O-O 11. Qe2 b4 12. Nd1 Qc7 13. Ne3 a5 14. Rae1 Ba6 15. b3
Nd4 16. Qf2 Rac8 17. Rc1 Nxf3+ 18. Bxf3 c4 19. dxc4 dxc4 20. Be2 Bc5 21. c3 Qa7
22. cxb4 axb4 23. bxc4 Rcd8 24. Rc2 Nxe5 25. Bc1 Nd3 26. Bxd3 Rxd3 27. Re1 Rfd8
28. Qe2 Qa8 29. Qg2 Bb7 30. Qe2 Bf3 31. Qf1 Qe4 32. Qf2 Rd1 0-1

[Event "Staatsliga B/West"]
[Site "Bregenz"]
[Date "1998.10.17"]
[Round "1.6"]
[White "Gasser, Klaus"]
[Black "Brugger, Hugo"]
[Result "1/2-1/2"]
[WhiteElo "2060"]
[BlackElo "100"]
[PlyCount "48"]
[EventDate "1998.10.17"]

1. Nf3 d5 2. c4 e6 3. g3 Nf6 4. Bg2 Be7 5. O-O b6 6. b3 O-O 7. Bb2 Bb7 8. e3
Nbd7 9. Qe2 c5 10. d3 Qc7 11. Nbd2 Rac8 12. Rac1 Qb8 13. Rfd1 Rfd8 14. e4 dxe4
15. dxe4 Qa8 16. Ng5 h6 17. Nh3 Nf8 18. Nf4 Rd7 19. f3 Rcd8 20. Nb1 Rxd1+ 21.
Rxd1 Rxd1+ 22. Qxd1 Qd8 23. Qxd8 Bxd8 24. Nc3 a6 1/2-1/2

[Event "Staatsliga B/West"]
[Site "Bregenz"]
[Date "1998.10.17"]
[Round "1.1"]
[White "Hausner, Ivan"]
[Black "Doskocil, Klaus"]
[Result "1-0"]
[WhiteElo "2405"]
[BlackElo "2180"]
[PlyCount "83"]
[EventDate "1998.10.17"]

1. c4 Nf6 2. Nc3 g6 3. d4 Bg7 4. e4 d6 5. f4 c5 6. d5 O-O 7. Nf3 e6 8. Be2 exd5
9. cxd5 Re8 10. e5 dxe5 11. fxe5 Ng4 12. Bg5 Qb6 13. O-O c4+ 14. Kh1 Nxe5 15.
Nxe5 Bxe5 16. Bxc4 Bf5 17. Nb5 Na6 18. d6 Qc6 19. Rc1 Qd7 20. Nd4 Qxd6 21. Nxf5
gxf5 22. Qxd6 Bxd6 23. Rxf5 Rf8 24. Bh6 Rfc8 25. Rxf7 Rxc4 26. Rg7+ Kh8 27.
Rxc4 Re8 28. g3 Bf8 29. Rcg4 Bxg7 30. Bxg7+ Kg8 31. Bc3+ Kf8 32. Rg7 Nc5 33.
Rxh7 Re2 34. Kg1 Ne4 35. Rxb7 Ng5 36. h4 Nh3+ 37. Kf1 Rf2+ 38. Ke1 a6 39. h5
Rf5 40. h6 Rh5 41. h7 Ng5 42. h8=Q+ 1-0

[Event "Staatsliga B/West"]
[Site "Bregenz"]
[Date "1998.10.17"]
[Round "1.2"]
[White "Sucher, Johannes"]
[Black "Gross, David"]
[Result "1-0"]
[WhiteElo "2205"]
[BlackElo "2340"]
[PlyCount "53"]
[EventDate "1998.10.17"]

1. e4 c5 2. Nf3 Nc6 3. d4 cxd4 4. Nxd4 Nf6 5. Nc3 d6 6. Bc4 e6 7. Bb3 a6 8. O-O
Qc7 9. Nxc6 bxc6 10. Qe2 Be7 11. Bf4 Nd7 12. Rad1 Nc5 13. Qg4 O-O 14. Bh6 Bf6
15. f4 Kh8 16. Bg5 Bxc3 17. bxc3 Nxe4 18. Rf3 a5 19. Qh4 Qb6+ 20. Rd4 e5 21.
fxe5 dxe5 22. Bd8 Qa7 23. Rxf7 Rxf7 24. Bb6 g5 25. Qxe4 Qe7 26. Bxf7 Bb7 27.
Rd7 1-0

[Event "Staatsliga B/West"]
[Site "Bregenz"]
[Date "1998.10.17"]
[Round "1.3"]
[White "Kleissl, Helmut"]
[Black "Bezler, Rainer"]
[Result "1-0"]
[WhiteElo "2300"]
[BlackElo "2225"]
[PlyCount "70"]
[EventDate "1998.10.17"]

1. Nf3 Nf6 2. c4 g6 3. g3 Bg7 4. Bg2 O-O 5. O-O d6 6. d4 c6 7. Nc3 a6 8. h3 b5
9. Nd2 Ra7 10. Rb1 e5 11. dxe5 dxe5 12. Qc2 Bf5 13. Nde4 Nbd7 14. Be3 Rc7 15.
Rbd1 Qb8 16. g4 Nxe4 17. Nxe4 Be6 18. Nc5 Nxc5 19. Bxc5 Rfc8 20. Bd6 Bxc4 21.
b3 Be6 22. Bxc7 Qxc7 23. Qc5 Bf8 24. Qe3 Ba3 25. Rd2 a5 26. Rfd1 a4 27. bxa4 b4
28. Qc5 e4 29. Bxe4 Qf4 30. Rd8+ Rxd8 31. Rxd8+ Kg7 32. Qd4+ Kh6 33. e3 Qc7 34.
f4 Bd5 35. g5+ Kh5 1-0

[Event "Staatsliga B/West"]
[Site "Bregenz"]
[Date "1998.10.17"]
[Round "1.4"]
[White "Maier, Peter"]
[Black "Kupfner, Franz"]
[Result "1/2-1/2"]
[WhiteElo "2085"]
[BlackElo "2160"]
[PlyCount "100"]
[EventDate "1998.10.17"]

1. d4 Nf6 2. c4 g6 3. Nc3 Bg7 4. e4 d6 5. h3 O-O 6. Nf3 a5 7. Be3 Na6 8. Be2
Qe8 9. e5 Nd7 10. e6 fxe6 11. Ng5 Nf6 12. h4 c5 13. h5 cxd4 14. Bxd4 h6 15.
hxg6 Qxg6 16. Nf3 e5 17. Nh4 Qf7 18. Be3 Nc5 19. Qc2 Ng4 20. Bxg4 Bxg4 21. f3
Be6 22. Ng6 Rfe8 23. Nd5 e4 24. Ngf4 exf3 25. Nxe6 Qxe6 26. O-O-O Rac8 27. gxf3
Nd7 28. Rdg1 Kf7 29. Rxg7+ Kxg7 30. Bxh6+ Qxh6+ 31. Rxh6 Kxh6 32. Qd2+ Kg6 33.
Qd3+ Kg7 34. Qf5 Rxc4+ 35. Kb1 Rec8 36. a3 Ne5 37. Qe6 Ng6 38. Nxe7 Nxe7 39.
Qxe7+ Kg8 40. Qe6+ Kh8 41. Qh6+ Kg8 42. Qxd6 R4c5 43. f4 b5 44. Qg6+ Kf8 45. f5
R8c7 46. f6 R5c6 47. Qh6+ Kf7 48. Qg7+ Ke6 49. f7 Rxf7 50. Qg6+ Rf6 1/2-1/2

[Event "Staatsliga B/West"]
[Site "Bregenz"]
[Date "1998.10.17"]
[Round "1.5"]
[White "Schiestl, Josef"]
[Black "Kleiser, Gregor"]
[Result "1-0"]
[WhiteElo "2195"]
[BlackElo "2150"]
[PlyCount "105"]
[EventDate "1998.10.17"]

1. e4 c5 2. Nf3 Nc6 3. d4 cxd4 4. Nxd4 Nf6 5. Nc3 e5 6. Ndb5 d6 7. Bg5 a6 8.
Na3 b5 9. Nd5 Qa5+ 10. Bd2 Qd8 11. Bg5 Be7 12. Bxf6 Bxf6 13. c3 Ne7 14. Nxf6+
gxf6 15. Be2 Bb7 16. Bf3 Qb6 17. Nc2 d5 18. exd5 O-O-O 19. Ne3 Kb8 20. Qb3 Rd6
21. O-O-O f5 22. g3 Rhd8 23. Rd2 e4 24. Bh5 Nxd5 25. c4 Nxe3 26. Rxd6 Qxd6 27.
Qxe3 Qe6 28. Be2 bxc4 29. Rd1 Rc8 30. Qf4+ Ka8 31. Rd6 Qe7 32. Kb1 f6 33. Qd2
Qc7 34. Rxf6 Qe7 35. Qd6 Qe8 36. Rxf5 e3 37. Re5 Qf7 38. f4 Rc6 39. Qd8+ Rc8
40. Qd4 Qg6+ 41. f5 Qc6 42. Rxe3 Qh1+ 43. Kc2 Qxh2 44. f6 Qf2 45. Qf4 Qxf4 46.
gxf4 Bd5 47. Re5 Bf7 48. Kc3 Kb8 49. Re7 Rf8 50. Kd4 h5 51. Ke5 c3 52. bxc3
Bxa2 53. Bxh5 1-0

[Event "Staatsliga B/West"]
[Site "Bregenz"]
[Date "1998.10.17"]
[Round "1.6"]
[White "Stanojevic, Stanimir"]
[Black "Eberharter, Johann"]
[Result "0-1"]
[WhiteElo "2075"]
[BlackElo "2160"]
[PlyCount "98"]
[EventDate "1998.10.17"]

1. e4 c5 2. Nf3 d6 3. d4 cxd4 4. Nxd4 Nf6 5. Nc3 g6 6. Be2 Bg7 7. Be3 Nc6 8.
Nb3 Be6 9. f4 Qc8 10. h3 Nb4 11. g4 Nxe4 12. Bd4 Bxd4 13. Nxd4 Nxc3 14. bxc3
Qxc3+ 15. Kf2 Qc5 16. Kg3 Bc4 17. Bf3 Bd5 18. Rf1 Bxf3 19. Rxf3 Rc8 20. c3 Nd5
21. Rc1 h5 22. f5 hxg4 23. hxg4 Nf6 24. Qa4+ Kd8 25. Re1 g5 26. Rfe3 Rc7 27.
Nb5 Rd7 28. Nxa7 Rh4 29. Qb3 Rxg4+ 30. Kh3 Rh4+ 31. Kg3 Qxf5 32. Nc6+ Kc7 33.
R1e2 Qg4+ 34. Kf2 bxc6 35. Qa3 Qf5+ 36. Ke1 Qc5 37. Qa6 e5 38. c4 Rf4 39. Rb3
Kd8 40. Rb8+ Ke7 41. Qc8 Qa5+ 42. Rd2 Re4+ 43. Kd1 Qd8 44. Qxd8+ Rxd8 45. Rxd8
Kxd8 46. Rxd6+ Ke7 47. Rxc6 g4 48. Rb6 g3 49. Rb2 Rxc4 0-1

[Event "Staatsliga B/West"]
[Site "Bregenz"]
[Date "1998.10.17"]
[Round "1.1"]
[White "Dir, Ulrich"]
[Black "Reich, Thomas"]
[Result "0-1"]
[WhiteElo "2275"]
[BlackElo "2385"]
[PlyCount "75"]
[EventDate "1998.10.17"]

1. e4 c5 2. Nf3 Nc6 3. d4 cxd4 4. Nxd4 g6 5. c4 Bg7 6. Be3 Nf6 7. Nc3 O-O 8.
Be2 b6 9. O-O Bb7 10. Qd2 Nxd4 11. Bxd4 e5 12. Bxe5 Nxe4 13. Nxe4 Bxe5 14. Nd6
Bc6 15. f4 Bxd6 16. Qxd6 Re8 17. Rf2 Re6 18. Qd2 Qf6 19. Rd1 Rae8 20. Bf1 a6
21. f5 gxf5 22. Qf4 Re5 23. Rd3 Kh8 24. Rh3 R8e6 25. Rh5 Be4 26. Qg3 h6 27. Qa3
a5 28. Qf8+ Kh7 29. Rh3 Re8 30. Qa3 R5e6 31. Rd2 Bc6 32. Qd3 Re4 33. Rf3 Kh8
34. Rdf2 R8e5 35. Qa3 Rg4 36. Qf8+ Rg8 37. Rxf5 Rxf5 38. Rxf5 0-1

[Event "Staatsliga B/West"]
[Site "Bregenz"]
[Date "1998.10.17"]
[Round "1.2"]
[White "Unzicker, Ferdinand"]
[Black "Schmidlechner, Alexander"]
[Result "1-0"]
[WhiteElo "2300"]
[BlackElo "2155"]
[PlyCount "91"]
[EventDate "1998.10.17"]

1. e4 c6 2. d4 d5 3. Nd2 g6 4. c3 Bg7 5. Bd3 Nd7 6. e5 f6 7. f4 Nh6 8. Ngf3 Nb6
9. O-O Bf5 10. Be2 Bg4 11. a4 a5 12. Qb3 Bxf3 13. Nxf3 O-O 14. Bd3 Qc7 15. Qc2
f5 16. Ng5 Qd7 17. b4 axb4 18. cxb4 e6 19. Be3 Nf7 20. Nf3 Rfb8 21. Rfb1 Bf8
22. h3 Ra7 23. a5 Nc8 24. b5 Ne7 25. b6 Raa8 26. Bd2 Kg7 27. Bb4 Ng8 28. Bxf8+
Kxf8 29. Nd2 Qe7 30. Nb3 g5 31. Nc5 Nd8 32. fxg5 Qxg5 33. Nd7+ Ke7 34. Nxb8
Qe3+ 35. Qf2 Qxd3 36. Qh4+ Ke8 37. Qh5+ Nf7 38. Qxh7 Qxd4+ 39. Kh1 Ngh6 40.
Nxc6 bxc6 41. a6 f4 42. b7 Rd8 43. b8=Q Rxb8 44. Rxb8+ Ke7 45. Qb1 Nxe5 46.
Qb4+ 1-0

[Event "Staatsliga B/West"]
[Site "Bregenz"]
[Date "1998.10.17"]
[Round "1.3"]
[White "Mittelberger, Peter"]
[Black "Micheli, Carlo"]
[Result "0-1"]
[WhiteElo "2230"]
[BlackElo "2250"]
[PlyCount "108"]
[EventDate "1998.10.17"]

1. e4 c6 2. d4 g6 3. Nf3 Bg7 4. Be2 d6 5. O-O Nf6 6. Nc3 O-O 7. h3 b5 8. a3 Bb7
9. Be3 a5 10. e5 Ne8 11. Ne4 Na6 12. c3 Nac7 13. Qd3 f5 14. exf6 exf6 15. Bd2
a4 16. Nh2 f5 17. Ng3 Nf6 18. f4 Qd7 19. Nf3 Rae8 20. Bd1 Ne4 21. Kh2 Nd5 22.
b3 Nexc3 23. bxa4 Nxa4 24. Bb3 Nab6 25. Rfc1 Kh8 26. Ne2 Ba6 27. Nc3 Nc7 28.
Na2 Nc4 29. Nb4 Nxd2 30. Qxd2 Bb7 31. Ra2 Ne6 32. Rac2 c5 33. dxc5 Bxf3 34. c6
Bxc6 35. Nxc6 Rc8 36. Kh1 Nd8 37. Bd5 Nxc6 38. Bxc6 Qa7 39. Qb4 Rb8 40. Bxb5
Rfd8 41. a4 Qe7 42. Re1 Qh4 43. Rce2 Be5 44. Rf1 g5 45. Qb1 gxf4 46. Qxf5 Rf8
47. Qe4 Rg8 48. Rf3 Rbc8 49. Bc6 Rg7 50. Ref2 Rgc7 51. Bb5 Re7 52. Rf1 Rc5 53.
Ba6 Rg7 54. Bc4 Qg5 0-1

[Event "Staatsliga B/West"]
[Site "Bregenz"]
[Date "1998.10.17"]
[Round "1.4"]
[White "Hoellrigl, Wilfried"]
[Black "Novkovic, Julia"]
[Result "1-0"]
[WhiteElo "2215"]
[BlackElo "2135"]
[PlyCount "76"]
[EventDate "1998.10.17"]

1. e4 c5 2. c3 d5 3. exd5 Qxd5 4. d4 Nf6 5. Nf3 Bg4 6. Be2 e6 7. h3 Bh5 8. O-O
Nc6 9. Be3 cxd4 10. cxd4 Be7 11. Nc3 Qa5 12. a3 O-O 13. b4 Qd8 14. Qb3 Bd6 15.
Rfd1 Ne7 16. g4 Bg6 17. Ne5 Be4 18. Nxe4 Nxe4 19. Bf3 Nf6 20. Bxb7 Nfd5 21. Nc6
Nxc6 22. Bxc6 Nxe3 23. Qxe3 Rc8 24. Rac1 Qf6 25. Rc3 Bf4 26. Qe4 Rfd8 27. b5
Rd6 28. a4 h5 29. Rf3 e5 30. Rdd3 hxg4 31. dxe5 Qg5 32. h4 Bh2+ 33. Kxh2 Qxh4+
34. Kg1 Rh6 35. Rg3 Qg5 36. Qxg4 Qxe5 37. Qxc8+ Kh7 38. Kg2 Qe1 1-0

[Event "Staatsliga B/West"]
[Site "Bregenz"]
[Date "1998.10.17"]
[Round "1.5"]
[White "Eiler, Gebhard"]
[Black "Blaas, Hansjoerg"]
[Result "0-1"]
[WhiteElo "2080"]
[BlackElo "2210"]
[PlyCount "56"]
[EventDate "1998.10.17"]

1. e4 c5 2. c3 d5 3. exd5 Qxd5 4. d4 Nc6 5. Nf3 e5 6. dxe5 Qxd1+ 7. Kxd1 Bg4 8.
Bf4 Nge7 9. Nbd2 Ng6 10. Bg3 O-O-O 11. Kc1 f6 12. h3 Bh5 13. Bc4 fxe5 14. Kc2
Nf4 15. Rag1 Bg6+ 16. Kc1 Bd6 17. Bxf4 exf4 18. Nh4 Bh5 19. Ne4 Ne5 20. Be6+
Kc7 21. f3 g6 22. Bg4 Be7 23. Bxh5 Bxh4 24. Bg4 c4 25. Rd1 Nd3+ 26. Kc2 Rhe8
27. Rd2 g5 28. b3 b5 0-1

[Event "Staatsliga B/West"]
[Site "Bregenz"]
[Date "1998.10.18"]
[Round "2.3"]
[White "Fuchs, Georg"]
[Black "Micheli, Carlo"]
[Result "0-1"]
[WhiteElo "2180"]
[BlackElo "2250"]
[PlyCount "171"]
[EventDate "1998.10.17"]

1. e4 c5 2. Nf3 e6 3. d4 cxd4 4. Nxd4 a6 5. a3 Nf6 6. Nc3 Qc7 7. Be3 d6 8. Be2
Nbd7 9. O-O b6 10. Qd2 Bb7 11. f3 Rc8 12. Rad1 Be7 13. Nb3 O-O 14. Bf4 Ne5 15.
Qd4 Rfd8 16. Rd2 Nfd7 17. Rfd1 h6 18. Qf2 Nf8 19. Be3 Ned7 20. Bf4 Nf6 21. Kh1
Rb8 22. Bf1 Ng6 23. Be3 Bc8 24. Na4 Nd7 25. c4 Nc5 26. Nbxc5 bxc5 27. f4 Bd7
28. Nc3 Bc6 29. Bd3 Rb3 30. Rb1 Rdb8 31. Nd1 Rxd3 32. Rxd3 Bxe4 33. Qe2 Nh4 34.
Bf2 Qc6 35. Bxh4 Bxh4 36. Nc3 Bxd3 37. Qxd3 Bf6 38. Ne4 Bd4 39. b4 d5 40. cxd5
exd5 41. Nxc5 Bxc5 42. Rc1 Qf6 43. bxc5 Qxf4 44. Qc2 d4 45. Qc4 Rc8 46. c6 Rc7
47. h3 a5 48. Rb1 Qe4 49. Rb7 Rxb7 50. cxb7 Qxb7 51. Qxd4 Qc7 52. a4 g5 53. Kg1
Qe7 54. Kf2 h5 55. Qd5 Qf6+ 56. Kg1 g4 57. hxg4 hxg4 58. g3 Qa1+ 59. Kg2 Qxa4
60. Qd8+ Kg7 61. Qg5+ Kf8 62. Qc5+ Ke8 63. Qc8+ Ke7 64. Qc7+ Ke6 65. Qb6+ Kf5
66. Qc5+ Kg6 67. Qb6+ f6 68. Qb1+ Kg5 69. Qc1+ Kf5 70. Qc8+ Ke5 71. Qc5+ Ke6
72. Qc8+ Kf7 73. Qb7+ Kg6 74. Qb1+ f5 75. Qb6+ Kh5 76. Qc7 Qe4+ 77. Kg1 Qd4+
78. Kg2 Kg5 79. Qe7+ Qf6 80. Qe3+ Kg6 81. Qe8+ Qf7 82. Qc6+ Kg5 83. Kf1 Qb3 84.
Qc7 Qb1+ 85. Kf2 Qb2+ 86. Kf1 0-1

[Event "Staatsliga B/West"]
[Site "Bregenz"]
[Date "1998.10.18"]
[Round "2.4"]
[White "Hoellrigl, Wilfried"]
[Black "Ferrari, Josef"]
[Result "1-0"]
[WhiteElo "2215"]
[BlackElo "2125"]
[PlyCount "73"]
[EventDate "1998.10.17"]

1. e4 c5 2. c3 d5 3. exd5 Qxd5 4. d4 Nf6 5. Nf3 Nc6 6. Be2 e6 7. O-O cxd4 8.
cxd4 Be7 9. Be3 O-O 10. Nc3 Qd8 11. Ne5 Nb4 12. Bf3 Nbd5 13. Qb3 Nxe3 14. fxe3
Nd7 15. Nxd7 Qxd7 16. Rfd1 Bd6 17. Rac1 Qe7 18. Ne4 Bb8 19. Nc5 Bc7 20. Rc2 h6
21. Rdc1 Rb8 22. g3 Bb6 23. Na4 Ba5 24. Rc5 b5 25. R5c2 Bb7 26. Bxb7 Qxb7 27.
Nc5 Qc6 28. Qd3 Qd6 29. Qe4 Bb6 30. Nd3 Rbd8 31. Kf2 Qe7 32. Ne5 Rd5 33. Kg2
Qd6 34. Rf1 Qe7 35. Rcf2 f5 36. Rxf5 Rxf5 37. Rxf5 1-0

[Event "Staatsliga B/West"]
[Site "Bregenz"]
[Date "1998.10.18"]
[Round "2.5"]
[White "Angerer, Helmut"]
[Black "Blaas, Hansjoerg"]
[Result "0-1"]
[WhiteElo "2095"]
[BlackElo "2210"]
[PlyCount "94"]
[EventDate "1998.10.17"]

1. b3 c5 2. Bb2 Nc6 3. Nf3 d5 4. e3 Bg4 5. Bb5 Nf6 6. c4 e6 7. cxd5 exd5 8. O-O
Be7 9. Be2 O-O 10. d4 b6 11. Nc3 Bxf3 12. Bxf3 cxd4 13. exd4 Rc8 14. Re1 Re8
15. Re3 Qd7 16. Qd3 Bb4 17. a3 Bxc3 18. Bxc3 Rxe3 19. fxe3 Re8 20. b4 Ne4 21.
Re1 Nd8 22. Re2 g5 23. Be1 Nd6 24. Rc2 f5 25. Qb3 Nc4 26. b5 Kh8 27. a4 Nf7 28.
Bf2 Nfd6 29. Bg3 Ne4 30. Bxe4 fxe4 31. Rf2 Qe7 32. h3 Kg8 33. Rf5 Qe6 34. Rf2
h6 35. Kh2 Rc8 36. Kh1 Qe7 37. Rc2 Rf8 38. Kh2 Qf7 39. Kh1 Qh5 40. Rf2 Rxf2 41.
Bxf2 Qe2 42. Kg1 Qd3 43. Qxd3 exd3 44. g4 Kf7 45. Kf1 Ke6 46. Bg3 Nxe3+ 47. Ke1
d2+ 0-1

[Event "Staatsliga B/West"]
[Site "Bregenz"]
[Date "1998.10.18"]
[Round "2.6"]
[White "Lederwasch, Bernhard"]
[Black "Fuerlinger, Harald"]
[Result "1/2-1/2"]
[WhiteElo "100"]
[BlackElo "2150"]
[PlyCount "49"]
[EventDate "1998.10.17"]

1. e4 e6 2. d4 d5 3. Nc3 Bb4 4. Nge2 Nf6 5. e5 Ne4 6. a3 Nxc3 7. Nxc3 Be7 8.
Qg4 Kf8 9. Ne2 c5 10. c3 Nc6 11. g3 cxd4 12. cxd4 Qa5+ 13. Nc3 Qb6 14. Ne2 h5
15. Qf4 Na5 16. Bg2 Nb3 17. Rb1 Bd7 18. Qe3 a5 19. O-O a4 20. Rd1 g6 21. Bd2
Kg7 22. Bc3 h4 23. g4 Rac8 24. h3 Na5 25. Qd2 1/2-1/2

[Event "Staatsliga B/West"]
[Site "Bregenz"]
[Date "1998.10.18"]
[Round "2.1"]
[White "Doskocil, Klaus"]
[Black "Dir, Ulrich"]
[Result "0-1"]
[WhiteElo "2180"]
[BlackElo "2275"]
[PlyCount "66"]
[EventDate "1998.10.17"]

1. e4 e6 2. d4 d5 3. Nc3 Bb4 4. a3 Bxc3+ 5. bxc3 dxe4 6. f3 b6 7. Bb5+ c6 8.
Bc4 Bb7 9. Qe2 c5 10. Bf4 cxd4 11. fxe4 Nc6 12. Nf3 Nge7 13. O-O Ng6 14. Bg3
O-O 15. Rad1 e5 16. h4 Qe7 17. h5 Nf4 18. Bxf4 exf4 19. cxd4 Qxa3 20. Rd3 Qe7
21. c3 Na5 22. Ba2 Qxe4 23. Qc2 Qf5 24. Ne5 Be4 25. g4 Qg5 26. Qe2 Bxd3 27.
Qxd3 Rae8 28. Qe4 Rxe5 29. Qxe5 Qxg4+ 30. Kh1 Qh3+ 31. Kg1 Qg3+ 32. Kh1 Qh3+
33. Kg1 f3 0-1